Statistics for Winx Club Based Quiz

Click here to take the quiz!

General Stats

  • This quiz has been taken 390 times
  • The average score is 16 of 38

Answer Stats

QuestionAnswer% Correct
Who is the Dragon Flame Fairy User?Bloom
99%
Who is her best friend that is a Fairy of a Shining Sun?Stella
95%
Who is her older sister?Daphne
93%
Who is the Nature Fairy?Flora
91%
Who is the Music Fairy User?Musa
84%
Who is her boyfriendHelia
82%
Who is the Technology Fairy UserTecna
82%
What type of animal is her pet is?Rabbit
80%
Who is the last Fairy on Earth that has an Animal based Power?Roxy
75%
What is her sister's name?Miele
58%
What Fairy Form when her hair grows longer and sacrifices herself?Enchantix
56%
Who is the Villain that helps the Trix to obtain Disenchantix?Valtor
53%
Where did Musa lives?Melody
52%
Who is the girl that Helia's best friend before he met Flora?Krystal
50%
Where did her mother's name comes from?Moon
43%
What is her pet dog name?Artu
42%
What is her mother name?Morgana
41%
Who is the Villain that called the Shadow Phoenix?Lord Darkar
38%
Who is the First season Villain?The Trix
37%
What is her powers called?Morphix
34%
Who is the bad cousin of Aisha that makes the Infinite Ocean polluted?Tritannus
33%
Who is the childhood friend of Bloom that helps the Trix and summon Acheron?Selina
28%
Who is the shapeshifting girl that capturing the Fairy Animals?Kalshara
21%
Who is the Fairy that become a pumpkin that takes care of Flora?Mirta
21%
Who are the members of The Trix?Icy, Darcy and Stormy
20%
What is the realm of Krystal?Linphea
19%
Who is her clumsy brother?Brafilius
18%
Who is her selkie?Lemmy
18%
What is her ambition?Fashion Designer
16%
Who is her Fairy Animal?Critty
15%
What powers did have her pixie named Digit?Nanotechnology
13%
What group of bad wizards did Orgon is the leader?The Wizards of the Black Circle
13%
Who is the Fairy of Waves?Aisha/Layla
11%
The two Fairies on Earth that has a power of Ice and NatureAurora and Diana
9%
Who is the Headmistress of the Cloudtower?Ms.Griffin
4%
What season did the Winx has the most many Fairy Forms?Season 3 ( Believix, Lovix, Sophix )
3%
Who is the boyfriend of the Winx?Sky, Brandon, Helia, RIven, Timmy, Nabu/Nex
3%
Who is the Headmistress of Alfea?Headmistress Farragonda
2%

Score Distribution

Percentile by Number Answered

Percent of People with Each Score

Your Score History

You have not taken this quiz